[Event "Grenke Chess Classic 5th"]
[Site "Karlsruhe/Baden-Baden"]
[Date "2018.04.01"]
[Round "2"]
[White "Carlsen, Magnus"]
[Black "Hou, Yifan"]
[Result "1-0"]
[WhiteElo "2843"]
[BlackElo "2654"]
[Annotator "Roiz,M"]
[PlyCount "121"]
[EventDate "2018.03.31"]
[EventType "tourn"]
[EventRounds "9"]
[EventCountry "GER"]
[EventCategory "20"]
[SourceTitle "CBM 184"]
[Source "ChessBase"]
[SourceDate "2018.05.16"]
[SourceVersion "1"]
[SourceVersionDate "2018.05.16"]
[SourceQuality "1"]

1. e4 e5 2. Bc4 Nf6 3. d3 c6 4. Qe2 {As often happens, Magnus prefers to take
the game into relatively unexplored territory at an early stage.} Be7 {A
somewhat modest choice.} ({The more ambitious way of development would be:} 
4... Bc5 $5 5. Nf3 O-O 6. O-O d5 7. Bb3 h6 {Black isn't worse, to say the
least.}) ({Possibly, the most principled was} 4... d5 $5 5. exd5 cxd5 6. Bb5+
Nc6 7. Qxe5+ Be7 8. Nf3 O-O 9. Bxc6 bxc6 10. O-O Bd6 $44 {The powerful bishops
provide Black excellent compensation for the pawn.}) 5. Nf3 d6 {There is
nothing wrong with this natural move, but now the early queen's move is sort
of justified.} ({I guess, more challenging for Magnus would be} 5... O-O 6. O-O
d5 7. Bb3 dxe4 8. dxe4 Nbd7 {and Black is fine, though a long strategic
struggle lies ahead.}) 6. c3 Nbd7 7. Bb3 O-O 8. O-O a5 9. d4 $146 {This
natural move is a novelty.} ({The previously played} 9. a4 {didn't pose Black
serious problems:} b5 10. Bc2 Ba6 11. axb5 cxb5 12. Nbd2 Qc7 $132 {Polgar,J -
Gelfand,B Khanty-Mansiysk 2009}) 9... a4 ({It made sense to postpone the a5-a4
advance:} 9... Re8 $5 10. Nbd2 ({Toothless is} 10. Ng5 d5 11. exd5 Nxd5) 10...
Bf8 $132 {with decent pressure on the e4-pawn.}) 10. Bc2 {Black has managed to
seize some space on the q-side, but White's centre is well protected now.} Re8
{The standard way of relocating the pieces.} (10... b5 11. Re1 Ba6 12. Nbd2 Re8
$132) 11. Re1 Bf8 12. Qd1 {Indeed, the Qe2 is somewhat misplaced, so White to
has to remove it sooner or later.} b5 13. Nbd2 {No doubt, in comparison to the
Classical Ruy Lopez, Black managed to make a lot of progress on the queenside,
so White has no advantage. However, all the pieces are on the board, so the
World Champion can still be satisfied with what he got.} Qc7 ({Once again, Hou
Yifan is deviating from the most ambitious way of handling the position:} 13...
Bb7 $5 14. Nf1 exd4 15. cxd4 c5 16. d5 g6 $132) 14. Nf1 g6 15. Bg5 h6 {A
somewhat weakening move, though Black mostly can do with it.} (15... Bg7 $5 16.
Ng3 c5 17. d5 c4 $132) 16. Bd2 Bg7 17. Ng3 Nb6 18. b3 {This advance is
inviting simplifications, but what else?} (18. Bd3 Nc4 19. Bxc4 bxc4 {would
offer Black an excellent play along the b-file.}) 18... axb3 19. axb3 Rxa1 20.
Qxa1 Bg4 {Both sides have mobilised their forces, so the position is about
equal.} 21. Qc1 $5 {An interesting choice! Magnus is inviting his opponent to
enter into an unbalanced position.} (21. Nh4 exd4 22. cxd4 c5 $132) 21... Bxf3
{Accepting the challenge! Now the position is getting much more complex.} (
21... Kh7 {also looks perfectly playable:} 22. Nh4 c5 23. h3 Bd7 24. d5 Ra8
$132) 22. gxf3 {The change of pawn structure is double-edged: The Kg1 is
getting less safe, but White can use the f-pawn for attacking the opponent's
centre.} h5 23. Bh6 {This move clearly illustrates White's attacking ambitions.
} Qe7 {Not fearing ghosts!} ({Another possibility was} 23... Bh8 $5 24. Kh1 c5
25. d5 Ra8 $132) 24. Bxg7 Kxg7 25. Qg5 Kh7 ({A seemingly more precise move was
} 25... Kh8 $1 {, and then} 26. Ra1 Ra8 27. Rxa8+ Nxa8 28. f4 exf4 29. Qxf4 Nc7
{looks acceptable for Black.}) 26. f4 (26. Ra1 $5 Nfd7 (26... Ra8 $6 {runs into
} 27. Rxa8 Nxa8 28. f4 exd4 29. e5 dxe5 30. f5 $36) 27. Qxe7 Rxe7 28. Ne2 {
would have secured White a small advantage due to control over the open a-file,
but Magnus lays claim to more.}) 26... Nfd7 {I guess, liquidating into an
endgame isn't the best practical decision, even though Black's position isn't
bad at all.} (26... exf4 $5 {deserved serious attention:} 27. Qxf4 b4 $1 28. c4
({After} 28. cxb4 $6 Nbd5 29. Qd2 h4 30. Nf1 Nh5 $15 {Black takes full control
over the dark squares.}) 28... Nbd7 29. Ra1 c5 $132 {and the resulting complex
position contains definite strategic risk for both sides.}) 27. Qxe7 Rxe7 28.
fxe5 dxe5 {Now White's position looks somewhat better due to superiority in
the centre.} 29. Rd1 (29. Ra1 $5 exd4 30. cxd4 c5 31. Ne2 cxd4 32. Nxd4 {
would offer White a tiny advantage, even though the simplifications favour
Black.}) 29... Re8 30. dxe5 {The most consistent. Still, releasing the tension
makes Black's knights much more mobile.} Nxe5 ({Another decent way of handling
the position was} 30... h4 $5 31. Ne2 (31. e6 Rxe6 32. Ne2 Kg7 33. f4 Nf6 34.
e5 Nfd5 $11) 31... Nxe5 32. f4 Ng4 33. Rd6 Ra8 $1 {with sufficient counterplay.
}) 31. f4 Ng4 32. Rd6 Re6 {This is a definite concession - Black loses access
to the open file.} ({The active defence would most likely secure a draw:} 32...
Ra8 $1 33. Rxc6 Ra2 34. Bd3 h4 $1 35. Rxb6 hxg3 36. hxg3 Nh2 37. Rxb5 Nf3+ 38.
Kf1 Nh2+ $11) 33. Rd8 Kg7 34. Nf1 {Till now Hou Yifan has been defending well,
but her next move invites serious troubles.} ({White achieves nothing special
with} 34. h3 Ne3 35. Bd3 Re7 36. Rb8 Nd7 37. Rb7 Kf8 $11) 34... Rf6 $2 {
Alas, after locking the f6-spot Black's position lacks harmony.} ({After the
correct} 34... Nf6 35. Nd2 Re7 36. Rd6 Ra7 37. Bd3 (37. Rxc6 Ra2 $11) 37... Rd7
38. Rxd7 Nbxd7 {White hardly would have real winning chances.}) 35. h3 Nh6 36.
f5 $1 gxf5 37. Ng3 Rg6 38. Kf2 $2 {This inaccurate move oculd have spoiled all
the advantage!} ({A much better one is} 38. Kh2 $1 Rg5 (38... fxe4 39. Nxh5+
Kh7 40. Nf4 Rg5 41. Bxe4+ Kg7 42. Bxc6 {, and White is winning, since the pawn
is untouchable:} Rc5 43. Be4 Rxc3 44. Nh5#) 39. h4 Rg4 40. Kh3 $1 fxe4 41. Bxe4
$18 {and Black cannot avoid the major loss of material.}) 38... fxe4 $2 {
Luckily for Carlsen, his opponent doesn't take her chance!} ({Had she played} 
38... Rg5 $1 {Black's problems would be solved. For instance,} 39. h4 Rg4 {
, and White isn't better.}) 39. Nxh5+ Kh7 40. Bxe4 f5 41. Bg2 {Despite the
limited material balance, Black's position is lost - there are too many
weaknesses.} Nf7 42. Rf8 Ne5 43. Nf4 $1 (43. Rxf5 $6 {is weaker:} Nd3+ 44. Kf1
Re6 {, and Black is getting active.}) 43... Rd6 44. Rxf5 Nbd7 45. Ke2 $18 {
Neutralising any counterplay.} Kg7 46. h4 Nf7 47. Be4 Nde5 48. Nh5+ Kh6 49. Ng3
Re6 50. Ke3 {White is slowly improving his position.} Kg7 51. Rf1 Kf8 (51...
Ng4+ 52. Kd4 Nf6 53. Bg2 Rd6+ 54. Kc5 Nd7+ 55. Kb4 $18 {wouldn't change much,})
52. Nf5 Ng4+ 53. Kf4 Nf6 54. Bf3 Nd5+ {That makes White's task easier.} (54...
Nd7 55. Ra1 Nfe5 56. Bh5 Kg8 57. Ra8+ Kh7 58. Ra7 $18) 55. Bxd5 cxd5 56. Ra1
Kg8 57. Ra8+ Kh7 58. Ra7 Rf6 59. h5 {Black is almost paralysed.} Kg8 60. Rd7 b4
61. cxb4 1-0

[Event "Kecskemet"]
[Site "Kecskemet"]
[Date "1990.??.??"]
[Round "2"]
[White "Tolnai, Tibor"]
[Black "Barczay, Laszlo"]
[Result "1-0"]
[WhiteElo "2490"]
[BlackElo "2335"]
[Annotator "Schussler,H"]
[PlyCount "51"]
[EventDate "1990.06.??"]
[EventType "tourn"]
[EventRounds "13"]
[EventCountry "HUN"]
[EventCategory "8"]
[SourceTitle "CBM 020"]
[Source "ChessBase"]
[SourceDate "1991.02.01"]
[SourceVersion "1"]
[SourceVersionDate "1991.02.01"]
[SourceQuality "1"]

1. e4 e5 2. Bc4 Nf6 3. d3 c6 4. Nf3 d5 5. Bb3 Bb4+ 6. c3 Bd6 7. Qe2 dxe4 8.
dxe4 O-O 9. O-O h6 10. Nbd2 Qe7 11. Rd1 Na6 12. Nf1 Nc5 13. Bc2 Nh5 14. g3 Nf6
15. Nh4 Bg4 16. f3 Be6 17. Ne3 g6 18. b4 Ncd7 19. Bb3 Nb6 20. Ng4 Nxg4 21. fxg4
Rfd8 $2 22. Bxh6 g5 23. Nf5 Bxf5 24. gxf5 Qf6 25. Qh5 Be7 26. h4 1-0

[Event "Bundesliga 0607"]
[Site "Germany"]
[Date "2007.03.31"]
[Round "14.3"]
[White "Areshchenko, Alexander"]
[Black "Shirov, Alexei"]
[Result "0-1"]
[WhiteElo "2644"]
[BlackElo "2720"]
[Annotator "Shirov,A"]
[PlyCount "64"]
[EventDate "2006.10.28"]
[EventType "team-tourn"]
[EventRounds "15"]
[EventCountry "GER"]
[SourceTitle "CBM 118"]
[Source "ChessBase"]
[SourceDate "2007.05.31"]
[SourceVersion "1"]
[SourceVersionDate "2007.05.31"]
[SourceQuality "1"]
[WhiteTeam "Werder Bremen"]
[BlackTeam "Baden-Baden"]
[WhiteTeamCountry "GER"]
[BlackTeamCountry "GER"]

{This game was played in the penultimate round of the Bundesliga and by
winning this match against Bremen my team (Baden-Baden) won the championship
with one round to go.} 1. e4 e5 2. Bc4 {This is how they avoid the Petroff
nowadays. But do I really often play it?} Nf6 3. d3 c6 $5 {The principled
reaction.} 4. Nf3 d5 5. Bb3 Bd6 6. exd5 $1 {When Alekseev played this move two
months earlier against me also in the Bundesliga (5th round), he caught me
completely by surprise. This illogical (because it gives away the pawn centre)
capture is probably stronger than the standard.} (6. Nc3 dxe4 7. Ng5 O-O 8.
Ncxe4 Nxe4 9. Nxe4 Bf5 {(not 10...a5?! 11.Qh5! +/= which happened in my game
against Alexei Fedorov six years ago)} 10. Qf3 Bxe4 {and Black should equalise.
}) 6... Nxd5 ({I didn't like} 6... cxd5 7. O-O O-O 8. Bg5 {and my 'strong'
pawn centre is getting shaky.}) 7. O-O O-O 8. Re1 Bg4 $6 {This move is
practically connected with a pawn sacrifice which I don't really like after
annotating this game.} (8... Nd7 {would be a relatively safe although also
somewhat passive option.}) 9. h3 Bh5 10. Nbd2 $6 {Areschenko prefers not to
enter any theoretical discussion and thus Black can equalise by simple
developing. Stronger would be Alekseev's move} (10. g4 {as after} Bg6 11. Nxe5
Bxe5 12. Rxe5 Nd7 13. Re1 {I failed to find the full compensation for a pawn
both in the game and in the analysis e.g.} Qh4 14. Qf3 Rae8 (14... Rfe8 {
can also be answered by} 15. Bd2) 15. Bd2 $1 ({Alekseev played} 15. Rf1 {
and after} Nc5 $1 {I could probably get enough for the pawn while the game
continuation} (15... h5 16. Nc3 Nxc3 17. bxc3 Kh7 18. gxh5 Qxh5 19. Qxh5+ Bxh5
{led to an inferior position for Black. Still I was so lucky this season in
the Bundesliga that I scored the full point in that game as well!})) 15...
Rxe1+ ({the tactics such as} 15... Ne5 16. Qg2 Nf4 {don't work as after} 17.
Bxf4 Nf3+ 18. Qxf3 Rxe1+ 19. Kg2 Qf6 20. Qg3 $1 Qxb2 21. Bd2 Qxa1 22. Bxe1 Qxb1
23. Bc3 $1 {White is clearly better despite being the exchange down.}) 16. Bxe1
Re8 17. Bc3 $1 {and Black seems worse to me.}) 10... Nd7 11. Ne4 Bc7 12. Bd2
Re8 13. a3 Nf8 $5 {A pointless move as the knight is not going to e6 nor g6 in
the near future. A simple} (13... a5 14. Ba2 a4 {was called for as White would
never get b2-b4 as in the game and thus his position would be just passive.})
14. Ba2 h6 15. Ng3 Bg6 16. Qc1 $1 a5 17. b4 $1 {Getting the activity just in
time as when White's queen will get to b2 his rooks will be connected and the
rest of pieces well coordinated. Here I went for complications but I certainly
didn't calculate them properly.} Nf4 $5 ({In retrospect I should have first
exchanged the pawns with} 17... axb4 18. axb4 {and only then played} Nf4 $1 {
Now} 19. d4 {allows a very nice combination} Nxg2 $1 20. Kxg2 e4 21. Ne5 Bxe5
22. dxe5 e3 $1 23. Bxe3 Rxa2 {and Black not only regains the sacrificed
material but also keeps a certain strategical advantage due to the potentially
weak position of the White king. Therefore White would have to find something
else instead of 19.d4 but that would mean that Black is totally fine.}) 18. d4
$1 {I simply missed this. Fortunately Black still has some resources.} N4e6 $1
({I spent some time calculating} 18... Nh5 19. dxe5 Nxg3 20. fxg3 Bxe5 $5 21.
Nxe5 Qd4+ 22. Kh2 Rxe5 23. Rxe5 Qxe5 {but I think I was right to reject it as
White would have the initiative and the bishop pair after} 24. bxa5 Bxc2 25.
Qe1 $1) 19. Nxe5 $1 {The right decision. White could be a pawn up for some
moves after} (19. dxe5 {but once you go deep into the line} Nd4 20. Nxd4 Qxd4
21. c3 Qh4 22. Bf4 Nd7 $1 23. e6 Qxf4 24. exd7 Red8 25. Qxf4 Bxf4 26. Rad1 Kf8
$1 {one can see that Black has no problems whatsoever.}) 19... Nxd4 20. Nxg6
Bxg3 21. Be3 $5 {Another ambitious move. The endgame arising after} (21. fxg3
Ne2+ 22. Rxe2 Rxe2 23. Qf1 Qd4+ 24. Kh2 Rf2 25. Ne7+ Kh7 26. Bc3 Rxf1 27. Bxd4
Rxa1 28. Bxa1 axb4 29. Bxf7 bxa3 {seemed OK for Black to both opponents during
the game and it is indeed possibly drawn according to Rybka.}) 21... Bc7 $1 22.
Bxd4 $5 ({Avoiding} 22. Nxf8 Qd6 $1 23. f4 axb4 $1 24. Ng6 $1 Nf3+ 25. gxf3
Qxg6+ {and once again White can get at most a draw e.g.} 26. Kf2 Bd8 $1 27. Kf1
Qg3 28. Bf2 Qxh3+ 29. Kg1 Bb6 $5 30. Bxb6 Qg3+ 31. Kf1 Qxf3+ $11) 22... Nxg6 $6
({Missing} 22... Rxe1+ 23. Qxe1 Qxd4 24. Rd1 Qf6 25. Nxf8 Kxf8 $1 {and since}
26. Rd7 {is met by} Re8 $1 {it's already White who has to think about
achieving the equality.}) 23. Rxe8+ Qxe8 24. Qd2 axb4 25. axb4 {After the game
Alexander was very unhappy about this capture suggesting that with} (25. Qxb4 {
he would get the advantage.} {He was partly right because} Nf4 {that I
intended to play can be strongly met by} 26. Bb2 $1 {When Areschenko found
this move in the post-mortem I failed to find an adequate reply immediately
but with a computer it's not so difficult to establish that after} Qd7 $1 27.
Re1 Re8 $1 {Black is still doing quite fine.}) 25... Nf4 26. Re1 $4 {The
mutual time-trouble is approaching and White suddenly loses this complicated
game in one move. The right continuation would be} (26. Bc4 Rxa1+ 27. Bxa1 Qe4
28. Bf1 b5 {with equality.}) 26... Qd8 {That's what White missed. The bishop
on a2 is hanging and 28...Qg5 is threatened at the same time.} 27. g3 Nxh3+ 28.
Kg2 Rxa2 29. Kxh3 Bb6 30. Re4 f5 ({I rejected} 30... Qd5 {when I suddenly saw}
31. Re8+ $2 ({the right move is} 31. Qe3 {"provoking"} f5 $4 (31... Bxd4 32.
Rxd4 Qf5+ {is actually still winning for Black.}) 32. Re8+ Kh7 33. Rh8+ Kg6 34.
Qe8+ {and White wins!}) 31... Kh7 32. Rh8+ {and being short of time I didn't
realise that Black is just winning after} Kg6 {Of course, we just saw 31.Re8+
isn't forced, so maybe the move I made is correct after all. But now White
gets some small practical chances.}) 31. Rh4 Qd5 32. Kh2 $2 {Areschenko had
less than half a minute left to reach the 40th move and he missed} (32. Qe1 $1
{that would require a certain precision from Black in the queen endgame after}
Bxd4 33. Rxd4 Qxd4 34. Qe6+ Kf8 (34... Kh7 $2 35. Qxf5+ $1 {and Black still
loses his extra rook!)}) 35. Qxa2 Qg4+ $1 (35... Qxb4 36. Qe6 Qe4 37. Qc8+ Kf7
38. Qxb7+ Kg6 39. Qb1 $1 {already gives White serious drawing chances.}) 36.
Kh2 Qxb4 37. Qe6 Qc5 $1 38. Qc8+ Kf7 39. Qxb7+ Kg6 {and the second pawn drops.}
) 32... Bd8 {White lost on time but his position is hopeless anyway.} 0-1